ENT secrets / (Record no. 348)

000 -LEADER
fixed length control field 01849nam a22004937a 4500
001 - CONTROL NUMBER
control field 893451532
003 - CONTROL NUMBER IDENTIFIER
control field OCoLC
005 - DATE AND TIME OF LATEST TRANSACTION
control field 20210419091508.0
008 - FIXED-LENGTH DATA ELEMENTS--GENERAL INFORMATION
fixed length control field 150311s2016 pau b 001 0 eng
010 ## - LIBRARY OF CONGRESS CONTROL NUMBER
LC control number 2015009820
016 7# - NATIONAL BIBLIOGRAPHIC AGENCY CONTROL NUMBER
Record control number 101653615
Source DNLM
020 ## - INTERNATIONAL STANDARD BOOK NUMBER
International Standard Book Number 9780323298568 (pbk. : alk. paper)
020 ## - INTERNATIONAL STANDARD BOOK NUMBER
International Standard Book Number 0323298567 (pbk. : alk. paper)
035 ## - SYSTEM CONTROL NUMBER
System control number (OCoLC)893451532
Canceled/invalid control number (OCoLC)893017938
040 ## - CATALOGING SOURCE
Original cataloging agency DNLM/DLC
Language of cataloging eng
Description conventions rda
Transcribing agency DLC
Modifying agency BTCTA
-- YDXCP
-- OCLCO
-- NLM
041 ## - LANGUAGE CODE
Language code of text/sound track or separate title eng
042 ## - AUTHENTICATION CODE
Authentication code pcc
049 ## - LOCAL HOLDINGS (OCLC)
Holding library YYEA
-- VZYM
080 ## - UNIVERSAL DECIMAL CLASSIFICATION NUMBER
Universal Decimal Classification number 616.21
Item number S-36
096 ## - LOCALLY ASSIGNED NLM-TYPE CALL NUMBER (OCLC)
Classification number WV 18.2 E61 2016
100 ## - MAIN ENTRY--PERSONAL NAME
9 (RLIN) 234
Personal name Scholes, A. Melissa
245 00 - TITLE STATEMENT
Title ENT secrets /
Statement of responsibility, etc. [edited by] Melissa A. Scholes, Vijay R. Ramakrishnan.
250 ## - EDITION STATEMENT
Edition statement 4th ed.
260 ## - PUBLICATION, DISTRIBUTION, ETC.
Place of publication, distribution, etc. Philadelphia, PA :
Name of publisher, distributor, etc. Elsevier,
Date of publication, distribution, etc. [2016]
263 ## - PROJECTED PUBLICATION DATE
Projected publication date 1508.
300 ## - PHYSICAL DESCRIPTION
Extent xv, 576 p. :
Other physical details ill. ;
Dimensions 22 cm.
365 ## - TRADE PRICE
Price amount 41.95 usd
490 1# - SERIES STATEMENT
Series statement Secrets series.
500 ## - GENERAL NOTE
General note EINSTEIN & MMC: available online via Clinical Key. See Reference staff for assistance.
504 ## - BIBLIOGRAPHY, ETC. NOTE
Bibliography, etc. note Includes bibliographical references and index.
590 ## - LOCAL NOTE (RLIN)
Local note c.1 10069513 Ritt 8/12/15 $49.99.
650 #2 - SUBJECT ADDED ENTRY--TOPICAL TERM
Topical term or geographic name entry element Otorhinolaryngologic Diseases
Form subdivision Examination Questions.
650 #0 - SUBJECT ADDED ENTRY--TOPICAL TERM
Topical term or geographic name entry element Medicine
9 (RLIN) 69
653 ## - INDEX TERM--UNCONTROLLED
Uncontrolled term ოტოლარინგოლოგია
653 ## - INDEX TERM--UNCONTROLLED
Uncontrolled term მედიცინა
655 #7 - INDEX TERM--GENRE/FORM
Genre/form data or focus term Electronic books.
700 1# - ADDED ENTRY--PERSONAL NAME
Personal name Scholes, Melissa A.
700 1# - ADDED ENTRY--PERSONAL NAME
Personal name Ramakrishnan, Vijay R.
710 2# - ADDED ENTRY--CORPORATE NAME
Corporate name or jurisdiction name as entry element Clinical Key (Online Service)
830 #0 - SERIES ADDED ENTRY--UNIFORM TITLE
Uniform title Secrets series.
856 40 - ELECTRONIC LOCATION AND ACCESS
Materials specified ClinicalKey
Uniform Resource Identifier <a href="https://elibrary.einsteinmed.org/login?url=https://www.clinicalkey.com/#!/browse/book/3-s2.0-C20130130607 ">https://elibrary.einsteinmed.org/login?url=https://www.clinicalkey.com/#!/browse/book/3-s2.0-C20130130607 </a>
Public note EINSTEIN: Clinical Key ebook collection
856 41 - ELECTRONIC LOCATION AND ACCESS
Materials specified ClinicalKey
Uniform Resource Identifier <a href="https://www.clinicalkey.com/#!/browse/book/3-s2.0-C20130130607 ">https://www.clinicalkey.com/#!/browse/book/3-s2.0-C20130130607 </a>
Public note MMC: Clinical Key ebook collection
942 ## - ADDED ENTRY ELEMENTS (KOHA)
Source of classification or shelving scheme
Koha item type Books
Edition 4
Holdings
Withdrawn status Lost status Source of classification or shelving scheme Damaged status Not for loan Permanent location Current location Date acquired Inventory number Total Checkouts Full call number Barcode Date last seen Price effective from Koha item type
          Ken Walker International University Ken Walker International University 11/21/2020 1207   616.21 S-36 1207 11/21/2020 11/21/2020 Books

Powered by Koha